|
|
|
|
| LEADER |
00000cam a2200000 7i4500 |
| 001 |
0000005175 |
| 005 |
20151222.0 |
| 008 |
070802 |
| 020 |
|
|
|a 0431121206
|
| 090 |
0 |
0 |
|a NH
|b ENG
|
| 100 |
1 |
|
|a Spilsbury, Louise
|
| 245 |
1 |
0 |
|a Coasts
|c Louise and Richard Spilsbury
|
| 260 |
|
|
|a London :
|b Heinemann Library ,
|c 2004
|
| 440 |
|
|
|a Wild habitats of the British Isles
|
| 500 |
|
|
|a Children ages 10-12 years old (pink)
|
| 650 |
|
0 |
|a Junior fiction
|x Malay
|x Languages
|
| 650 |
|
0 |
|a Natural history
|
| 700 |
1 |
|
|a Spilsbury, Richard
|
| 710 |
0 |
|
|a Title
|
| 999 |
|
|
|a 0000979094
|b Book
|c Children Collection
|e Cawangan Bandar Tenggara
|
| 999 |
|
|
|a 0000979095
|b Book
|c Children Collection
|e Cawangan Bandar Tenggara
|
| 999 |
|
|
|a 0000979096
|b Book
|c Children Collection
|e Cawangan Tmn. Ungku Tun Aminah
|
| 999 |
|
|
|a 0001077330
|b Book
|c Children Collection
|e Cawangan Tangkak
|